The US Election of 1900 - Statistics

General Stats
  • This quiz has been taken 27 times
  • The average score is 8 of 12
Answer Stats
Question Answer % Correct
What party did the winner run for? Republican
100%
Who became Vice President? Theodore Roosevelt
95%
State which the Vice President previously was governor of? New York
91%
War victory that helped the winning candidate gain support? The Spanish-American War
91%
Who won the election? William McKinley
91%
Who was the opposing party's candidate? William Jennings Bryan
77%
Which geographic area did the losing candidate carry? Deep South
73%
America's first socialist candidate? Eugene Debs
73%
Who was the opposing party's vice presidential candidate? Adlai Stevenson I
41%
State with the closest margin between the candidates? Kentucky (1.71%)
41%
Vice President who died before the election? Garret Hobart
32%
Democratic candidate who dropped out after much criticism? George Dewey
18%
No matching quizzes found
Score Distribution
Percent of People with Each Score
Percentile by Number Answered
Your Score History
You have not taken this quiz